SOFTWARE ENGINEERING (Record no. 216509)

MARC details
000 -LEADER
fixed length control field 00479nam a22001697a 4500
008 - FIXED-LENGTH DATA ELEMENTS--GENERAL INFORMATION
fixed length control field 260202b |||||||| |||| 00| 0 eng d
020 ## - INTERNATIONAL STANDARD BOOK NUMBER
International Standard Book Number 978-1-292-09666613-1
100 ## - MAIN ENTRY--PERSONAL NAME
Personal name SOMMERVILLE, IAN
245 ## - TITLE STATEMENT
Title SOFTWARE ENGINEERING
250 ## - EDITION STATEMENT
Edition statement 10TH ED
260 ## - PUBLICATION, DISTRIBUTION, ETC.
Place of publication, distribution, etc. ESSEX
Name of publisher, distributor, etc. PEARSON EDUCATION
Date of publication, distribution, etc. 2016
300 ## - PHYSICAL DESCRIPTION
Extent 810P
500 ## - GENERAL NOTE
General note INCLUDES AUTHOR INDEX
650 ## - SUBJECT ADDED ENTRY
Topical term or geographic name entry element 1, SOFTWARE ENGINEERING 2. COMPUTER SOFTWARE 3. SYSTEMS DESIGN
942 ## - ADDED ENTRY ELEMENTS (KOHA)
Source of classification or shelving scheme Library of Congress Classification
Koha item type Long Loan Book
Holdings
Withdrawn status Lost status Source of classification or shelving scheme Damaged status Not for loan Collection Home library Current library Shelving location Date acquired Inventory number Total checkouts Full call number Barcode Date last seen Copy number Price effective from Koha item type
    Library of Congress Classification     Science & Technology Kisii University Library Kisii University Library On Display 02/02/2026 111445   QA 76.758 .S65 2016 50120 02/02/2026 C.1 02/02/2026 Long Loan Book
    Library of Congress Classification     Science & Technology Kisii University Library Kisii University Library On Display 02/02/2026 111446   QA 76.758 .S65 2016 50126 02/02/2026 C.2 02/02/2026 Long Loan Book
    Library of Congress Classification     Science & Technology Kisii University Library Kisii University Library On Display 02/02/2026 111447   QA 76.758 .S65 2016 50125 02/02/2026 C.3 02/02/2026 Long Loan Book